|
|
|
|
| LEADER |
00000naa a2200000uu 4500 |
| 001 |
vtls011061921 |
| 003 |
SK-MaSNL |
| 005 |
20260302112055.0 |
| 008 |
210906|2006 xo |||||||||||||||||slo| |
| 015 |
|
|
|a SNBRA
|
| 035 |
|
|
|a (urnnbn)urn:nbn:sk:snk:ar-a0c3cx
|
| 035 |
|
|
|a (uuid)95af1609-8d7d-4c63-9e06-49a04b9c4849
|
| 035 |
|
|
|a urn:nbn:sk:snk-aav9v7
|
| 040 |
|
|
|a SNKBUCL
|b slo
|c SNKBUCL
|e AACR2
|
| 041 |
0 |
|
|a slo
|
| 044 |
|
|
|a xo
|c SK
|
| 100 |
1 |
|
|a Janák, Milan
|c (staviteľstvo)
|4 aut
|9 259118
|
| 245 |
1 |
0 |
|a HODNOTENIE ENERGIÍ A TEPELNEJ POHODY PRE NÁKUPNÚ PASÁŽ SIMULÁCIOU BUDOV
|c Milan Janák, Peter Buday
|
| 700 |
1 |
|
|a Buday, Peter,
|d 1976-
|4 aut
|9 50533
|
| 773 |
0 |
|
|t Budovy a prostredie 2006
|d Bratislava : Slovenská technická univerzita, 2006
|g S. 75-78
|z 8022725188
|
| 958 |
|
|
|a OND
|
| 958 |
|
|
|a article12
|
| 958 |
|
|
|a chapter
|
| 999 |
|
|
|c 1250021
|d 1251951
|